01523nam a22002654aa4500003000800000005001700008008004100025040003000066041000800096044000700104082001800111100003000129245014600159260002500305300004200330500003600372502018000408520054400588650002101132653001501153653001401168653001501182653001501197700004501212BOFEUTO20260513102551.0260504t2025 bo gr 000 f spa d 6BOFEUTOaBOFEUTOcBOFEUTO aspa abo aTE6314bR741p aRojas Magne, MauraeAutor aPlan de negocios para la creacción de una guardería canina en la ciudad de Oruro. /c Maura Rojas Magne, Rosario Del Castillo Rodríguez aOruro :bs/n,c2025. a127 hojas ;btab, gráf. ;c28.5 cm. aIncluye bibliografía, anexos. aTesis Dirigida, (Licenciatura) -- Universidad Técnica de Oruro, Facultad de Ciencias Económicas, Financieras y Administrativas, Carrera Administración de Empresas, 2025. aEl presente trabajo de tesis plantea la creación de una guardería canina en la ciudad de Oruro, pensada como una alternativa innovadora y especializada para el cuidado temporal de perros, integrando servicios de reacción, atención básica, higiene, alimentación y transporte. Esta propuesta surge en respuesta a la creciente tendencia de humanización de las mascotas y a la limitada oferta de servicios especializados en la región, evidenciado una oportunidad de emprendimiento con potencial de sostenibilidad y crecimiento. aPlan de Negocios aCreación aServicios aAtención aTransporte aDel castillo Rodríguez, Rosarioetutor